Lectures on boundary theory for Markov chains
Αποθηκεύτηκε σε:
| Κύριοι συγγραφείς: | , |
|---|---|
| Μορφή: | Βιβλίο |
| Γλώσσα: | English |
| Δημοσίευση: |
Princeton, N.J. :
Princeton University Press,
1970
|
| Σειρά: | Annals of mathematics studies ;
65 |
| Θέματα: | |
| Ετικέτες: |
Προσθήκη ετικέτας
Δεν υπάρχουν, Καταχωρήστε ετικέτα πρώτοι!
|
MARC
| LEADER | 00000cam a2200000 i 4500 | ||
|---|---|---|---|
| 001 | 1/40938 | ||
| 008 | 941103s1970####nju| ||| |||| ||eng|| | ||
| 020 | |a 0691080755 | ||
| 035 | |l 10041375 | ||
| 035 | |a 1993 | ||
| 040 | |a GR-MyUA |b gre |e AACR2 | ||
| 041 | 0 | |a eng | |
| 082 | 0 | |a 519.233 | |
| 100 | 1 | |a Chung, Kai Lai, |d 1917-2009. | |
| 245 | 1 | 0 | |a Lectures on boundary theory for Markov chains / |c by Kai Lai Chung, with the cooperation of Paul-Andre Meyer |
| 260 | |a Princeton, N.J. : |b Princeton University Press, |c 1970 | ||
| 300 | |a xvi, 94 σ ; |c 24 εκ. | ||
| 490 | 1 | |a (Annals of mathematics studies |v ; 65) | |
| 504 | |a Βιβλιογραφία: σ. 93-94. | ||
| 650 | 0 | 0 | |a Markov processes. |
| 700 | 1 | |a Meyer, Paul Andre, |e aut | |
| 830 | 0 | |a Annals of mathematics studies ; |v 65 | |
| 852 | |a INST |b SAMOS |e 19941103 |h 519.233 CHU |p 005300002879 |q 005300002879 |t BK |y 0 | ||
| 909 | |a Σ |b 029674 | ||